Statystyki dla FIFA 20 QUIZ dla SIMONA

Kliknij tutaj aby rozwiązać quiz!

Ogólne statystyki

  • Ten quiz został rozwiązany 372 razy
  • Średni wynik to 6 z 15

Statystyki odpowiedzi

HintOdpowiedź% Poprawnych
Kto jest najwyżej ocenioną zwykłą kartą w fifie 20?Messi
99%
91 tempa, 85 strzelania, brazylijczyk, czyja to karta?Neymar
86%
Kto jest najszybszą zwykłą kartą w fifie 20?Mbappe
80%
pijwodę - o jakim zawodniku mowa?Drinkwater
56%
Jak nazywa się po polsku event ze zmienionymi pozycjami na karcie?Zmiennokształtni
47%
74 tempa 81 strzelania, francuz, czyja to karta?Pogba
42%
Najwyżej oceniony MarokańczykZiyech
39%
Jest Anglikiem, ma 5* sztuczek i 186cm wzrostu, o kim mowa?Rashford
32%
81 tempa 89 dryblingu, francuz, o kim mowa?Griezmann
31%
Nowa Ikona dodana w ostatnim czasie do gryRiquelme
31%
Który styl gry w fifie dodaje do tempa i podań?Katalizator
30%
Najwyżej oceniona zwykła karta z Afryki?Koulibaly
29%
syn alice - o kim mowa?Alisson
23%
Jest to skrzydłowy, który ma karte shapeshifters oraz UCL Live, na zwyklej karcie ma 84 ovr. o kim mowa?Mahrez
16%
Ma najwięcej kart specjalnych w tym rokuHaland
9%

Rozkład punktacji

Percentyl według liczby udzielonych odpowiedzi

Procent ludzi z każdym wynikiem

Twoja historia wyników

Nie rozwiązałeś tego quizu